[Event "Niedersachsen-ch op"]
[Site "Verden"]
[Date "2011.01.02"]
[Round "2"]
[White "Jacobi, Felix Hagen"]
[Black "Neumann, Bjoern"]
[Result "1-0"]
[WhiteElo "1837"]
[BlackElo "1810"]
[PlyCount "77"]
[EventDate "2011.01.02"]
[EventType "swiss"]
[EventRounds "7"]
[EventCountry "GER"]
[SourceTitle "EXT 2018"]
[Source "ChessBase"]
[SourceDate "2017.10.13"]
[SourceVersion "1"]
[SourceVersionDate "2017.10.13"]
[SourceQuality "1"]

1. e4 d6 2. d4 Nf6 3. Bd3 e5 4. c3 Nbd7 5. f4 c6 6. Nf3 Qc7 7. 0-0 Be7 8. h3 0-0 9. Be3 b5 10. Nbd2 Bb7 11. Qe2 Nh5 12. fxe5 Ng3 13. Qf2 Nxf1 14. exd6 Bxd6 15. Rxf1 Bf4 16. e5 Bxe3 17. Qxe3 g6 18. Qh6 f6 19. Bxg6 Nxe5 20. dxe5 hxg6 21. Qxg6+ Qg7 22. Qxg7+ Kxg7 23. exf6+ Rxf6 24. Re1 c5 25. Ne4 Bxe4 26. Rxe4 c4 27. Nd4 a6 28. g4 Kf7 29. g5 Rd6 30. Kg2 Re8 31. Rf4+ Kg6 32. h4 Re3 33. Kf2 Rh3 34. Nf3 Rh1 35. Ne5+ Kg7 36. Kg3 Rb1 37. h5 Rxb2 38. h6+ Kg8 39. g6 1-0

[Event "Karl Mala Memorial op 12th"]
[Site "Frankfurt"]
[Date "2009.07.17"]
[Round "2"]
[White "Neumann, Bjoern"]
[Black "Specht, Christian"]
[Result "0-1"]
[WhiteElo "1442"]
[BlackElo "2077"]
[PlyCount "86"]
[EventDate "2009.07.16"]
[EventType "swiss"]
[EventRounds "7"]
[EventCountry "GER"]
[SourceTitle "EXT 2010"]
[Source "ChessBase"]
[SourceDate "2010.11.25"]
[SourceVersion "1"]
[SourceVersionDate "2010.11.25"]
[SourceQuality "1"]

1. Nf3 f5 2. d4 Nf6 3. c4 g6 4. Nc3 Bg7 5. e3 0-0 6. g3 d6 7. Bg2 Qe8 8. Qb3 c6 9. c5+ d5 10. Ne5 Ne4 11. Nxd5 cxd5 12. Qxd5+ e6 13. Qc4 Bxe5 14. dxe5 Qc6 15. b4 a5 16. f3 Ng5 17. 0-0 axb4 18. h4 Nf7 19. f4 Qa6 20. Qxb4 Nc6 21. Qb6 Qxb6 22. cxb6 Rd8 23. a4 Bd7 24. Bb2 Be8 25. Bxc6 Bxc6 26. Bd4 Rxa4 27. Rxa4 Bxa4 28. Rc1 Bc6 29. Kf2 Ra8 30. Ke2 Kf8 31. Ra1 Rxa1 32. Bxa1 Ke7 33. Kd2 Be4 34. Bd4 Kd7 35. Kc3 Kc6 36. Kc4 Nh6 37. Bc5 Ng4 38. Bd4 Nf2 39. Bc5 Nh1 40. g4 fxg4 41. Kd4 Nf2 42. Bb4 g3 43. Be1 Kxb6 0-1

[Event "Karl Mala Memorial op 12th"]
[Site "Frankfurt"]
[Date "2009.07.17"]
[Round "3"]
[White "Wilke, Joerg"]
[Black "Neumann, Bjoern"]
[Result "1-0"]
[WhiteElo "1910"]
[BlackElo "1442"]
[PlyCount "71"]
[EventDate "2009.07.16"]
[EventType "swiss"]
[EventRounds "7"]
[EventCountry "GER"]
[SourceTitle "EXT 2010"]
[Source "ChessBase"]
[SourceDate "2010.11.25"]
[SourceVersion "1"]
[SourceVersionDate "2010.11.25"]
[SourceQuality "1"]

1. d4 d6 2. c4 Nf6 3. Nc3 Nbd7 4. e4 e5 5. d5 b6 6. Bd3 Bb7 7. Nge2 Be7 8. f3 Rc8 9. Be3 0-0 10. Qd2 Nc5 11. Bc2 c6 12. g4 cxd5 13. exd5 Qd7 14. Bf5 Ne6 15. 0-0 Rxc4 16. dxe6 fxe6 17. Bd3 Rcc8 18. Ng3 d5 19. Bf2 d4 20. Nce4 Nxe4 21. Bxe4 Bxe4 22. fxe4 Rf4 23. h3 Rcf8 24. Kg2 Bc5 25. Bg1 Qc6 26. Qd3 g6 27. Rac1 h5 28. gxh5 gxh5 29. Rxf4 Rxf4 30. Nxh5 Rh4 31. Qg3+ Kf8 32. Qxh4 d3 33. Rf1+ Ke8 34. Ng7+ Kd7 35. Rf7+ Kc8 36. Qh8+ 1-0